Language Quiz

Random Language Quiz
Score 0/50 Timer 10:00
0 Plays Today
1st 2nd 3rd % Correct
Noma
100%
Genae
100%
Datae
96.2%
Accam
92.3%
Abla
92.3%
Nomae
84.6%
Genarum
84.6%
Datis
84.6%
Accas
84.6%
Ablis
84.6%
Geni
53.8%
Dato
53.8%
Accum
53.8%
Ablo
53.8%
Nomi
53.8%
Genorum
53.8%
Datis
53.8%
Accos
53.8%
Ablis
53.8%
Geni
53.8%
Dato
50%
Accum
50%
Ablo
50%
Noma
50%
Genorum
50%
1st 2nd 3rd % Correct
Datis
50%
Acca
50%
Ablis
50%
Genis
46.2%
Dati
46.2%
Nomum
42.3%
Genis
42.3%
Dati
42.3%
Accem
42.3%
Nomes
42.3%
Genum
42.3%
Datibus
42.3%
Acces
42.3%
Ablibus
42.3%
Able
42.3%
Noma
42.3%
Genum
42.3%
Datibus
42.3%
Acca
42.3%
Ablibus
42.3%
Nomus er
38.5%
Able
38.5%
Nomvaries
34.6%
Nomvaries
30.8%
Accvaries
30.8%
Remove Ads.
Support Sporcle.
Get the best of Sporcle when you Go Orange. This ad-free experience offers more features, more stats, and more fun while also helping to support Sporcle. Thank you for becoming a member.

You're not logged in!

Compare scores with friends on all Sporcle quizzes.
OR
Log In

Show Comments

Extras

Created Jan 21, 2015ReportNominate
Tags:2nd, 3rd, declension, noun

Top Quizzes Today


Score Distribution

Your Account Isn't Verified!

In order to create a playlist on Sporcle, you need to verify the email address you used during registration. Go to your Sporcle Settings to finish the process.

Report this User

Report this user for behavior that violates our Community Guidelines.

Details: